书目信息 |
| 题名: |
中国经济增长与通胀坐标系
|
|
| 作者: | 阎虎勤 , 刘震宇 著 | |
| 分册: | ||
| 出版信息: | 北京 中国财政经济出版社 2011 |
|
| 页数: | 391页 | |
| 开本: | 23cm | |
| 丛书名: | ||
| 单 册: | ||
| 中图分类: | F124.1 , F822.5 | |
| 科图分类: | ||
| 主题词: | 经济增长--研究--中国 , 通货膨胀--研究--中国 , 经济增长 , 通货膨胀 | |
| 电子资源: | ||
| ISBN: | 978-7-5095-2604-0 | |
| 000 | 01123nam0 2200301 450 | |
| 001 | 523 | |
| 005 | 20140908161835.73 | |
| 010 | @a978-7-5095-2604-0@dCNY48.00 | |
| 100 | @a20110530d2011 em y0chiy50 ea | |
| 101 | 0 | @achi |
| 102 | @aCN@b110000 | |
| 105 | @ak z 000yy | |
| 106 | @ar | |
| 200 | 1 | @a中国经济增长与通胀坐标系@AZhong Guo Jing Ji Zeng Chang Yu Tong Zhang Zuo Biao Xi@f阎虎勤,刘震宇著@FYan Hu Qin, Liu Zhen Yu Zhu |
| 210 | @a北京@c中国财政经济出版社@d2011 | |
| 215 | @a391页@c图@d23cm | |
| 300 | @a本研究得到国家自然科学基金项目“电子商务环境与组织之间协调机制的研究”(项目批准号70372070)的资助 | |
| 330 | @a本书共分为十章,从理论文献的学习和讨论开始,紧紧围绕中国经济增长与通胀坐标系这个主题,从数理逻辑和实证检验两个方面进行了深入地讨论,得到了一些有益的启示和结论。 | |
| 606 | 0 | @a经济增长@x研究@y中国 |
| 606 | 0 | @a通货膨胀@x研究@y中国 |
| 606 | 0 | @a经济增长 |
| 606 | 0 | @a通货膨胀 |
| 690 | @aF124.1@v5 | |
| 690 | @aF822.5@v5 | |
| 701 | 0 | @a阎虎勤@AYan Hu Qin@4著 |
| 701 | 0 | @a刘震宇@ALiu Zhen Yu@f(1961~)@4著 |
| 801 | 0 | @aCN@bTANGWEI@c20140603 |
| 905 | @b0840386-88@dF124.1@e198@f3 | |
| 中国经济增长与通胀坐标系/阎虎勤,刘震宇著.-北京:中国财政经济出版社,2011 |
| 391页:图;23cm |
| 本研究得到国家自然科学基金项目“电子商务环境与组织之间协调机制的研究”(项目批准号70372070)的资助 |
| ISBN 978-7-5095-2604-0:CNY48.00 |
| 本书共分为十章,从理论文献的学习和讨论开始,紧紧围绕中国经济增长与通胀坐标系这个主题,从数理逻辑和实证检验两个方面进行了深入地讨论,得到了一些有益的启示和结论。 |
| ● |
| 相关链接 |
|
|
|
|
正题名:中国经济增长与通胀坐标系
索取号:F124.1/198
 
预约/预借
| 序号 | 登录号 | 条形码 | 馆藏地/架位号 | 状态 | 备注 |
| 1 | 0840386 | 208403869 | 第一样本阅览室/ [索取号:F124.1/198] | 在馆 | |
| 2 | 0840387 | 208403878 | 密集书库-海洋学院/ [索取号:F124.1/198] | 在馆 | |
| 3 | 0840388 | 208403887 | 第一借阅区/ [索取号:F124.1/198] | 在馆 |